नक्सलवाद / (Record no. 210812)

MARC details
000 -LEADER
fixed length control field 00769nam a22001817a 4500
005 - DATE AND TIME OF LATEST TRANSACTION
control field 20250404125203.0
010 ## - LCCN (DPL NO)
LC control number HIN-129625
020 ## - INTERNATIONAL STANDARD BOOK NUMBER
Terms of availability 180.00
035 ## - SYSTEM CONTROL NUMBER
System control number HN-101971
037 ## - SOURCE OF ACQUISITION
Source of stock number/acquisition DBAD
082 ## - DEWEY DECIMAL CLASSIFICATION NUMBER
Classification number 302.64
100 ## - MAIN ENTRY--PERSONAL NAME
Personal name शर्मा, हितेश कुमार
245 ## - TITLE STATEMENT
Title नक्सलवाद /
Statement of responsibility, etc हितेश कुमार शर्मा
Medium हिन्दी
260 ## - PUBLICATION, DISTRIBUTION, ETC. (IMPRINT)
Place of publication, distribution, etc बिजनौर
Name of publisher, distributor, etc हरिगंगा प्रकाशन
Date of publication, distribution, etc 2024
270 ## - ADDRESS
Address गणपति भवन, सिविल लाइन्स , बिजनौर
City उत्तरप्रदेश
Postal code 246701
300 ## - PHYSICAL DESCRIPTION
Extent 92पृ.
Dimensions 22सेमी (अजिल्द )
942 ## - ADDED ENTRY ELEMENTS (KOHA)
Source of classification or shelving scheme Dewey Decimal Classification
Item type Hindi Books
Classification part 302.64
Call number suffix हितेश
Edition प्रथम
Holdings
Withdrawn status Lost status Not for loan Collection code Home library Current library Date acquired Source of acquisition Cost, normal purchase price Full call number Barcode Copy number Cost, replacement price Koha item type
      Fiction Patel Nagar Patel Nagar 04/04/2025 DBAD 180.00 302.64 हितेश HN-101971 1 180.00 Hindi Books

© Delhi Public Library
Hit Counter
free hit counter